000
00278nam a2200109Ia 4500
008
200302s9999 xx 000 0 und d
100
_a
Henry Plummer
245
_a
Nordic Light Modern Scandinavian Architecture
260
_b
Thames and Hudson Ltd.
260
_c
2014
300
_a
256
999
_c
3712
_d
3712